000 01149 a2200217 4500
005 20080922102551.0
008 080922t xxu||||| |||| 00| 0 hin d
010 _aHIN-81276
020 _c215.00
_a8188188982
035 _aHN-53622
037 _bD.B.Act / pub
082 _a823.08
100 _aनौटियाल, जयन्ती प्रसाद
245 _aहिन्दी की प्रतिनिधि कहानियां
_cजयन्ती प्रसाद नौटियाल
246 _aHindi ki pratinidhi Kahaniyan
_bby Jayanti Prasad Nautiyal
260 _aदिल्ली
_bआर्य प्रकाशन मंडल
_c2007
270 _aix/221, सरस्वती भंडार, गांधीनगर
_bदिल्ली
_e110031
300 _a176पृ
_c22सेमी (सजिल्द)
942 _adpl
_cHN
_k823.08 / नौटिया
_2ddc
_h823.08
_mनौटिया
999 _c8052
_d8052